| 000 | 00522nam a2200145Ia 4500 | ||
|---|---|---|---|
| 008 | 100204s9999 xx 000 0 und d | ||
| 082 | _b23872 | ||
| 100 | _aतासगावकर शशिकांत | ||
| 245 | _aघराणं तमासगिराचं | ||
| 260 |
_b"ग्रंथाली प्रकाशन , मुंबई" _c1989 |
||
| 300 | _a115 | ||
| 630 | _aघराणं तमासगिराचं | ||
| 730 | _aघराणं तमासगिराचं | ||
| 942 | _cBOOK | ||
| 999 |
_c469045 _d469042 |
||